Quizzes
Events
Quiz Creation
Community
Videos
Private Events
Remove Ads
Sign In
Join for FREE
Feedback
Dark Mode
Quiz Categories
Sports
Geography
Music
Movies
Television
Just For Fun
Miscellaneous
History
Literature
Language
Science
Gaming
Entertainment
Religion
Holiday
For Kids
Quiz Lab
Recent
Popular Today
Quiz Kudos Today
Editor Picks
Curator Picks
Quizzes by...
Day
Popularity
Type
Ratings
Length
Year
Community
Subscriptions
Recent Discussions
Orange Saloon
Badges
Playlists
Quests
Create
Leaderboards
Showdown
Live 5
Trivia Bingo
Activity
Puzzle Library
Sporcle Events
Private Events
Virtual Trivia
Globe League
Become a Host
Pub Owners
SporcleCon
Opinionation
Our Games
Videos
Blog
Mobile Apps
Partnerships
Remove Ads and Go Orange
Feedback
Music
Pop Music
The Beatles
Song
Album
Lyrics
Bands
Singers
Artist
Clip
Rock
Rap
Classical
Billboard
Country Music
Kpop
Taylor Swift
Music
Pop Music
The Beatles
Song
Album
Lyrics
Bands
Singers
Artist
Clip
Rock
Rap
Classical
Billboard
Country Music
Kpop
Taylor Swift
Random Quiz
Search Sporcle
×
Quiz Lab
Quiz Lab
Music
Pop Music
Type in answers that appear in a list
Type in answers that appear in a list
Classic
Best Score? Go Orange.
The Feeling - Justin Bieber Lyrics Stats
Can you name the lyrics to The Feeling by Justin Bieber?
By
nee72495
10m
201 Questions
362 Plays
362 Plays
362 Plays
Comments
Comments
Give Quiz Kudos
Give Quiz Kudos
-
- Ratings
hide this ad
Replay
Link that replays current quiz
Next Quiz
Link to next quiz in quiz playlist
You Got
0%
They Got
Avg Score
79%
Avg Friend Score
Upgrade to see
Score Distribution
Jump to the score distribution portion of the page
Score
0/201
Timer
10:00
0
Plays Today
Lyrics
% Correct
[Chorus]
99.7%
[Chorus]
99.7%
A
99.4%
a
99.4%
a
99.4%
You
99.2%
you?
99.2%
you?
99.2%
you
99.2%
you,
99.2%
you?
99.2%
You
99.2%
you
99.2%
I
98.9%
I
98.9%
I
98.9%
I
98.9%
I
98.9%
I
98.9%
I
98.9%
I
98.9%
I
98.9%
I
98.9%
to
97.5%
to
97.5%
to
97.5%
to
97.5%
to
97.5%
to
97.5%
to
97.5%
to
97.5%
to
97.5%
me.
97.2%
me
97.2%
me.
97.2%
me
97.2%
me.
97.2%
me.
97.2%
me?
97.2%
in
95.9%
in
95.9%
in
95.9%
in
95.9%
In
95.9%
in
95.9%
in
95.9%
of
94.8%
of
94.8%
of
94.8%
of
94.8%
of
94.8%
of
94.8%
the
94.2%
the
94.2%
the
94.2%
the
94.2%
the
94.2%
the
94.2%
feeling?
93.4%
feeling?
93.4%
feel
93.1%
Am
92.8%
love
92.8%
with
92.8%
Am
92.8%
love
92.8%
with
92.8%
Lyrics
% Correct
am
92.8%
love
92.8%
with
92.8%
am
92.8%
love
92.8%
with
92.8%
am
92.8%
love
92.8%
with
92.8%
am
92.8%
love
92.8%
with
92.8%
I'm
91.2%
I'm
91.2%
I'm
91.2%
I'm
91.2%
I'm
91.2%
I'm
91.2%
Or
90.9%
Or
90.9%
your
90.6%
your
90.6%
like
89.2%
like
89.2%
like
89.2%
like
89.2%
like.
89.2%
are
88.1%
You're
87%
You're
87%
you're
87%
you're
87%
be
87%
you're
87%
so
85.6%
so
85.6%
part
84.5%
trying
84.3%
trying
84.3%
is
84%
on
83.1%
on
83.1%
on
83.1%
my
80.1%
truth,
79.8%
truth.
79.8%
for
79.6%
for
79.6%
for
79.6%
find
79%
find
79%
Can't
78.5%
get
77.9%
pulling
77.3%
pulling
77.3%
hard
77.3%
hard
77.3%
it
76.2%
out
76.2%
head
76.2%
it
76.2%
it
76.2%
it
76.2%
need
75.7%
If
75.7%
if
75.7%
sometimes
75.4%
Lyrics
% Correct
save
74.9%
thinking
74.3%
beautiful.
74.3%
lips,
74.3%
beautiful.
74.3%
lips,
74.3%
heart
73.2%
and
73.2%
crazy.
73.2%
And
73.2%
and
73.2%
and
73.2%
gravity.
72.4%
swallow.
71.3%
swallow.
71.3%
Sugar
70.7%
Sugar
70.7%
hollow.
69.9%
hollow.
69.9%
anatomy.
69.1%
But
69.1%
maybe
68.2%
Instead
67.7%
Instead
67.7%
full
67.4%
full
67.4%
thinking
67.1%
notorious
65.7%
that
65.7%
notorious
65.7%
just
65.5%
kill.
64.6%
kill.
64.6%
pill,
62.2%
pill,
62.2%
could
58.3%
Could
58.3%
then
58%
Everything,
57.7%
deceiving.
55.2%
delusional
53%
anything
52.8%
what
52.5%
give
48.3%
seems.
48.3%
faster
48.3%
faster.
48.3%
disaster.
47.5%
that's
47.2%
Sorry
47.2%
dream.
46.4%
make
46.1%
sinking
45.3%
at
43.4%
Between
42.3%
know
41.7%
borderline.
41.7%
Jagged
41.2%
Jagged
41.2%
don't
39.8%
heaven
38.7%
standing
38.4%
good
37.3%
least
36.5%
what's
36.2%
starts
7.5%
starts
7.5%
Quiz Playlist
Details
Report
Send in Message
Add To Playlist
Classic:
Type in answers that appear in a list
Quiz Source
Last Updated: Sep 24, 2017
Quiz Scoreboard
CHALLENGE
Sign Up to Join the Scoreboard
Show All
Scores
Hide
Comments
May contain spoilers
Recently Published
Movies - When Are They Set?
by FPL_Elf
Movies
5m
Popular People in 1961
by mucciniale
History
6m
1-10 Letter E Words III
by El_Dandy
Language
2m
More to Explore
Quiz From the Vault
Featured Blog Post
Where Did the Easter Bunny Come From?
hide this ad
You Might Also Like...
Tags
Pop Music Quiz
Bieber
Feeling
justin
Justin Bieber
Pop Culture
Pop Idol
Today's Top Quizzes in Music
Browse Music
hide this ad
Today's Top Quizzes in Pop Music
Browse Pop Music
Top Contributed Quizzes in Music
1
Taylor Swift All Songs (2024)
2
2010s Album by Cover III
3
Guess the Artist- 70s Songs
4
One Thing in Common: Music
5
Taylor Swift Logic Puzzle
6
Guess the Taylor Swift song (Mystery Song)
7
2010s Album by Cover IV
8
2010s Album by Cover V
9
KPOP LOGIC QUIZ
10
Kpop Logic Quiz
Explore More
Trending Topics
NBA
Harry Potter
Crossword
Marvel
Anime
Kpop
Disney
Pokémon
Soccer
The Office
Puzzle
Country
Song
NFL
WWE
hide this ad
More By:
nee72495
Quiz
Plays
Rating
Category
Featured
Created
There's Nothing Holdin' Me Back - Shawn Mendes Lyrics
7,570
4.64
Music
Apr 30, 2017
Rick and Morty: Interdimensional Cable
3,580
4.60
Television
Sep 7, 2017
Never Be Alone - Shawn Mendes Lyrics
3,349
5.00
Music
Oct 16, 2017
Party Monster - The Weeknd Lyrics
3,161
5.00
Music
May 10, 2017
Attention - Charlie Puth Lyrics
3,087
4.92
Music
Jun 16, 2017
Go to Creator's Profile
Score Distribution
Quiz Creator Spotlight
nee72495
Follow
Send a Message
Quizzes Created
-
Created Quiz Play Count
-
More By This Creator
Popular Quizzes Today
1
Find the Countries of Europe - No Outlines Minefield
2
Find the US States - No Outlines Minefield
3
The Countries of the World
4
Popular People in 1961
5
US States
6
1-10 Letter E Words III
7
Find the US States
8
One Thing in Common: World Cities II
More Music Quizzes
Match K-Pop Idols w/ their groups
Quiz Lab
Trending Quizzes
Risky Map Clicking: Least Populous States A-Z
1-10 Letter F Words
1-10 Letter G Words
One Thing in Common: United Kingdom
Risky Map Clicking: Next State Alphabetically
Recently Updated
Leaping Animals
pecheneg
Reality TV Shows (A-Z)
bhenderson79
Rickey Henderson's Hall of Fame Teammates
pecheneg
Champions League XIs: Arsenal
pecheneg
Quick Pick: Celebrities in WWE's Hall of Fame
aduchscher
A-Z Keypad Blitz II
pecheneg
Multiple Oscar Actors
pecheneg
Mystery Phrase Blitz: Oscar 'Best Actors'
pecheneg
F. Scott Fitzgerald Novels
LTH
Pick 3 Villains
ddd62291
Trending Topics
Kpop
Crossword
Anime
Harry Potter
Marvel
NBA
Disney
Country
NFL
Song
Puzzle
Soccer
Pokémon
WWE
The Office
Your Account Isn't Verified!
In order to create a playlist on Sporcle, you need to verify the email address you used during registration. Go to your
Sporcle Settings
to finish the process.
Report this User
Report this user for behavior that violates our
Community Guidelines
.
Details:
Send Report
Go to the Sporcle.com Mobile Site →
Comments